000 00192nam a2200085Ia 4500
008 120527s9999 xx 000 0 und d
100 _aDuffy, G. Karen
245 _aPsychology 04/05
942 _cBK
999 _c27528
_d27528